Fortnite : emote par image - Statistiques

Statistiques générales
  • Ce quiz a été pris 3 184 fois
  • Le résultat moyen est 9 sur 16
Statistiques - réponses
Par images Réponse % Correct
floss
93%
t'as perdu
83%
bas les masques
74%
griddy
71%
aigle
64%
le ver
62%
twist
62%
pechue
56%
electro swing
54%
boogie down
53%
déhanché
42%
hot marat
39%
danse slave
38%
groovy
37%
fièvre disco
31%
impatience
27%
Aucun quiz correspondant
Distribution des résultats
% des personnes avec chaque résultat
Percentile par nombre de réponses
Votre historique - résultats
Vous n’avez pas pris ce quiz